000
00205nam a22000977a 4500
041
_a
eng
080
_a
80
100
_a
Vassilyev, V. A.
245
_a
English Fhonetics. A Theoretical Course.
999
_c
281919
_d
281919
942
_c
BK